|
|
|
|
| LEADER |
01722nam a2200301 a 4500 |
| 001 |
13863 |
| 003 |
BD-DhAAL |
| 008 |
090507r20042001 njua b 001 0 eng d |
| 999 |
|
|
|c 455
|d 455
|
| 010 |
|
|
|a \\\00007476
|
| 020 |
|
|
|a 8178083736
|
| 040 |
|
|
|a DLC
|c DLC
|d DLC
|d BD-DhAAL
|
| 082 |
0 |
0 |
|a 621.382
|2 21
|
| 100 |
1 |
|
|a Sklar, Bernard,
|d 1927-
|9 42070
|
| 245 |
1 |
0 |
|a Digital communications :
|b fundamentals and applications /
|c Bernard Sklar.
|
| 250 |
|
|
|a Second edition
|
| 260 |
|
|
|a Upper Saddle River, N.J. :
|b Prentice-Hall PTR,
|a New Delhi, IN :
|b Pearson Education
|c c2001.(Reprinted 2004)
|
| 300 |
|
|
|a xxiv, 1079 pages :
|b illustrations ;
|c 25 cm.
|
| 504 |
|
|
|a Includes bibliographical references and index.
|
| 541 |
1 |
|
|e 13863
|
| 650 |
|
0 |
|a Digital communications.
|9 42071
|
| 852 |
4 |
|
|a Ayesha Abed Library
|c General Stacks
|
| 942 |
|
|
|2 ddc
|c BK
|
| 952 |
|
|
|0 0
|1 0
|2 ddc
|4 0
|6 621_382000000000000_SKL_2004
|7 0
|9 10368
|a BRACUL
|b BRACUL
|c GEN
|d 2010-05-19
|l 1
|o 621.382 SKL
|p 3010013863
|r 2015-08-21
|s 2015-08-18
|t 1
|w 2010-05-19
|y BK
|
| 952 |
|
|
|0 0
|1 0
|2 ddc
|4 0
|6 621_382000000000000_SKL_2004
|7 0
|9 10369
|a BRACUL
|b BRACUL
|c GEN
|d 2010-05-19
|l 1
|m 11
|o 621.382 SKL
|p 3010013867
|r 2018-12-15
|s 2018-09-18
|t 2
|w 2010-05-19
|y BK
|
| 952 |
|
|
|0 0
|1 0
|2 ddc
|4 0
|6 621_382000000000000_SKL_2004
|7 0
|9 10723
|a BRACUL
|b BRACUL
|c GEN
|d 2010-06-08
|l 2
|m 20
|o 621.382 SKL
|p 3010013864
|r 2018-04-16
|s 2018-03-05
|t 3
|w 2010-06-08
|y BK
|
| 952 |
|
|
|0 0
|1 0
|2 ddc
|4 0
|6 621_382000000000000_SKL_2004
|7 0
|9 11348
|a BRACUL
|b BRACUL
|c GEN
|d 2010-06-29
|l 2
|m 2
|o 621.382 SKL
|p 3010013866
|q 2026-06-07
|r 2026-02-05
|s 2026-02-05
|t 4
|w 2010-06-29
|y BK
|
| 952 |
|
|
|0 0
|1 0
|2 ddc
|4 0
|6 621_382000000000000_SKL_2004
|7 0
|9 11375
|a BRACUL
|b BRACUL
|c GEN
|d 2010-06-30
|l 1
|m 8
|o 621.382 SKL
|p 3010013865
|r 2018-04-10
|s 2018-01-31
|t 5
|w 2010-06-30
|y BK
|